| 000 | 00561nam a2200193Ia 4500 | ||
|---|---|---|---|
| 003 | GCL | ||
| 008 | 140319s9999 xx 000 0 eng d | ||
| 040 |
_aGCL / _cGCL |
||
| 082 | 0 | 4 |
_a720 _bI I |
| 100 | 1 | _aIMAGES ARCHITECTURE GROUP | |
| 245 | 1 | 0 |
_aINTERNATIONAL ARCHITECTURE: YEAR BOOK / _cIMAGES ARCHITECTURE GROUP |
| 260 |
_a[S.N] : _bIMAGES AUSTRALIA PARTY LTD |
||
| 650 | 0 | 4 | _aالتحليل الرياضى |
| 650 | 0 | 4 | _aARCHITECTURAL PROJECTS |
| 650 | 0 | 4 | _aENGINEERING DESIGN |
| 650 | 0 | 4 | _aARCHITECTURE |
| 650 | 0 | 4 | _aINTERIOR DESIGN |
| 942 |
_2ddc _cBK |
||
| 999 |
_c13246 _d13246 |
||